000
00379cam a22001574a 4500
005
20250605163504.0
008
250528s ||||||||||||||||||||||||d
035
_a
20344
040
_a
GR-AtMCL
_b
gre
_d
GR-AtMCL
_e
AACR2
245
1
_a
Τα Ζώα της Φάρμας
260
_b
Jumbo Trading Limited,
_c
2012
300
_a
16
942
_c
BK
999
_c
5466
_d
5466